Nr. 1 Hits in Deutschland 2001 - Statistiken

Allgemein
  • Dieses Quiz wurde 71 mal gespielt
  • Das Durchschnittsergebnis liegt bei 7 aus 17
Antwortstatistiken
Wochen auf Platz 1 Lied Interpret % Korrekt
6 Wochen Daylight in Your Eyes No Angels
87%
3 Wochen From Sarah with Love Sarah Connor
78%
1 Woche Stan Eminem feat. Dido
67%
2 Wochen Ms. Jackson OutKast
60%
1 Woche Lady Marmalade Christina Aguilera, Lil’ Kim,Mýa, Pink & Missy Elliott
55%
1 Woche Can’t Get You Out of My Head Kylie Minogue
53%
6 Wochen Only Time Enya
49%
6 Wochen Whole Again Atomic Kitten
45%
9 Wochen Es ist geil ein Arschloch zu sein Christian
44%
5 Wochen There Must Be an Angel No Angels
36%
2 Wochen Follow Me Uncle Kracker
36%
6 Wochen Butterfly Crazy Town
29%
4 Wochen Angel Shaggy feat. Rayvon
27%
1 Woche Because I Got High Afroman
25%
1 Woche Miss California Dante Thomas feat.Pras Michel
24%
6 Wochen I Believe Bro’Sis
20%
1 Woche Dream On Depeche Mode
7%
Keine übereinstimmenden Quizze gefunden
Verteilung der Resultate
Anzahl Personen mit jedem Resultat
Perzentil nach korrekt beantworteten Fragen
Ihre Resultats-Entwicklung
Sie haben dieses Quiz noch nicht gespielt